000 00354nam a2200133Ia 4500
008 150202s9999 xx 000 0 und d
020 _a067150374X
050 _aFIC
_bFIC
100 _aCussler, Clive.
245 _aCyclops /
_cClive Cussler.
260 _aNew York :
_bSimon and Schuster,
_c1986.
300 _a475 pages :
_c18 cm.
650 _aFiction.
999 _c281962
_d281962